00685nam a2200229 a 4500001001300000003000900013005001700022008004100039020000800080082001500088245003700103260005200140300000900192500003500201505002400236650002200260710003200282902000800314942000700322952011100329999001500440nice12345678IN_TiNIC20260116011701.0050524s1973 pata grp 000 0 eng  ac600a269.2bCHU aLight and Life We Seek to Share. aPatnabChurch Extension Commision of Cbcic1973 a482p aincludes index and biblioraphy2 aIndex, Bibliography aEvangelistic Work2 aChurch Extension Commission bSRS cBK 001040708StackRoom-aHMIbHMId2007-07-13g6.00l0o269.2 CHUp07184r2007-07-13v6.00w2005-05-24yBK c3389d3389